000 00612nam a2200193 i 4500
001 84775
003 ES-MaACL
005 20230906175111.0
007 t|
008 041124s1965 sp ||||1| spa d
100 1 _aJiménez de Parga, Manuel.
_966509
245 1 3 _aEl seguro de crédito a la exportación /
_cManuel Jiménez de Parga y Cabrera.
260 _aMadrid :
_bTecnos,
_c[1965]
300 _a325 p. ;
_c22 cm.
490 1 _aBiblioteca Tecnos de estudios jurídicos
830 0 _aBiblioteca Tecnos de estudios jurídicos
_9181636
852 _aES-MaACL
_jC-28041
_bR.57418
999 _c84775
_d84775